| 000 -CABECERA |
| Longitud fija campo de control |
00844nas a22002177a 4500 |
| 003 - IDENTIFICADOR DEL NÚMERO DE CONTROL |
| Identificador del número de control |
OSt |
| 005 - FECHA Y HORA DE LA ÚLTIMA TRANSACCIÓN |
| Fecha y hora de la última transacción |
20231121120538.0 |
| 008 - CÓDIGOS DE INFORMACIÓN DE LONGITUD FIJA |
| Códigos de información de longitud fija |
180502m20139999sp a| pss|||| 000 |spa|d |
| 040 ## - FUENTE DE LA CATALOGACIÓN |
| Centro catalogador de origen |
ES-BaCBU |
| Lengua de catalogación |
cat |
| Centro transcriptor |
CDMR |
| 245 00 - MENCIÓN DE TÍTULO |
| Título |
Informe sobre el estado de la cultura en España ... |
| Medio |
[Recurs electrònic] |
| 260 ## - PUBLICACIÓN, DISTRIBUCIÓN, ETC. (PIE DE IMPRENTA) |
| Lugar de publicación, distribución, etc. |
Madrid : |
| Nombre del editor, distribuidor, etc. |
Fundación Alternativas, |
| Fecha de publicación, distribución, etc. |
2013- |
| 300 ## - DESCRIPCIÓN FÍSICA |
| Extensión |
Recurs electrònic |
| 490 1# - MENCIÓN DE SERIE |
| Mención de serie |
Informes |
| 500 ## - NOTA GENERAL |
| Nota general |
Cada informe porta un títol monogràfic |
| 500 ## - NOTA GENERAL |
| Nota general |
Descripció del recurs: el 13 de juliol de 2016 |
| 650 04 - PUNTO DE ACCESO ADICIONAL DE MATERIA - TÉRMINO DE MATERIA |
| Término de materia o nombre geográfico como elemento inicial |
Cultura espanyola |
| Subdivisión de materia general |
Història |
| Subdivisión cronológica |
S. XXI |
| 650 #4 - PUNTO DE ACCESO ADICIONAL DE MATERIA - TÉRMINO DE MATERIA |
| Término de materia o nombre geográfico como elemento inicial |
Indústries culturals |
| Subdivisión geográfica |
Espanya |
| 9 (RLIN) |
4171 |
| 710 2# - PUNTO DE ACCESO ADICIONAL - NOMBRE DE ENTIDAD |
| Nombre de entidad o nombre de jurisdicción como elemento inicial |
Fundación Alternativas |
| Unidad subordinada |
Observatorio Cultura y Comunicación |
| 9 (RLIN) |
3248 |
| 856 40 - LOCALIZACIÓN Y ACCESO ELECTRÓNICO |
| Nota pública |
Accés en línia |
| Identificador Uniforme del Recurso (URI) |
<a href="https://fundacionalternativas.org/publicaciones/?categories=7&tipos=Informe">https://fundacionalternativas.org/publicaciones/?categories=7&tipos=Informe</a> |
| 942 ## - ENTRADA DE ELEMENTOS AGREGADOS (KOHA) |
| Koha [por defecto] tipo de item |
Publicacions periòdiques en línia |
| Fuente de clasificaión o esquema |
|